[Event "11th Mumbai Mayors Cup 2018"]
[Site "Mumbai"]
[Date "2018.06.04"]
[Round "2"]
[White "Tran, Minh Thang"]
[Black "Panesar Vedant"]
[Result "1/2-1/2"]
[WhiteElo "2383"]
[BlackElo "2052"]
[Annotator "TA"]
[PlyCount "217"]
[EventDate "2018.??.??"]
[EventType "swiss"]
[EventCountry "IND"]
[SourceTitle "playchess.com"]
[Source "ChessBase"]
[SourceQuality "1"]

{[%evp 9,217,0,0,3,16,14,18,12,13,10,34,34,31,16,27,6,31,15,29,0,20,20,20,17,26,25,18,5,16,25,25,25,23,23,25,26,33,33,39,38,33,14,147,133,185,193,211,185,231,243,404,381,387,354,348,332,194,27,172,140,156,6,56,0,87,0,0,0,0,0,0,0,0,-75,-74,-107,-111,-118,-89,-111,-63,-98,-74,-74,-74,-75,-75,-107,-107,-107,-107,-107,-51,-107,-107,-107,-107,-107,-107,-137,-107,-107,-107,-107,-107,-107,-107,-107,-107,-107,-72,-107,-98,-107,-66,-98,-98,-98,0,0,0,0,-11,-12,-12,-12,-12,-68,0,0,0,0,0,0,0,0,0,0,0,0,0,0,0,0,0,0,0,0,0,0,0,0,0,0,0,0,0,0,0,0,0,0,0,0,0,0,0,0,0,0,0,0,0,0,0,0,0,0,0,0,0,0,0,0,0,0,0,0,0,0,0,0,0,0,0,0,0,0,0,0,0,0,0,0,0,0,0,0,0,0]} 1. e4 c5 2. Nf3 d6 3. d4 cxd4 4. Qxd4 Nf6 5. Bb5+ Bd7 6. c4 {B53: Sicilian: 2...d6: Lines with Qxd4} Nc6 7. Qd3 a6 (7... g6 8. O-O Bg7 9. Nc3 O-O 10. h3 Rc8 11. Be3 a6 12. Bxc6 Bxc6 {½-½ (26) Karjakin,S (2760)-Nepomniachtchi,I (2729) Riadh 2017}) 8. Bxc6 Bxc6 9. Nc3 e6 10. O-O Be7 11. Bf4 O-O 12. Rfd1 {[%cal Rf4d6]} Qb6 13. Be3 $146 ({Predecessor:} 13. Rab1 Rfd8 14. b4 Rac8 {½-½ (61) Bagi,M (2449)-Koch,T (2472) Novi Sad 2016}) 13... Qc7 (13... Qxb2 $6 14. a3 $18) 14. h3 b6 15. Nd4 Bb7 16. Rac1 Rac8 17. b3 Qb8 18. Nde2 Nd7 19. Bf4 {[%cal Rf4d6]} Nc5 20. Qg3 Nxe4 21. Nxe4 Bxe4 22. Bxd6 Qb7 23. Bxe7 Qxe7 24. Rd6 Rc5 25. Qf4 Rf5 (25... b5 $11 {remains equal.}) 26. Qd2 $1 $16 {Threatens to win with Ng3.} ({Avoid the trap} 26. Qg3 $2 Bxg2 $1 {[%mdl 512]} 27. h4 (27. Kxg2 $2 Rg5 $19) 27... Rf6 $19) 26... Rg5 (26... Ba8 $16) 27. Ng3 $18 Ba8 28. Rd7 $1 {[%cal Rd7e7]} ({Don't take} 28. Rxb6 $6 Rd8 $16) 28... Qc5 {[#]} 29. Rd8 $1 {[%cal Rd8f8]} g6 $2 {[#]} (29... h6 30. b4 Qe7) 30. Rxa8 $1 {[%mdl 512]} Rxg3 (30... Rxa8 31. Ne4) 31. Rxf8+ Kxf8 {[%mdl 4096] Endgame KQR-KQR} 32. Rd1 Rg5 33. Qd8+ Kg7 {[#]} 34. b4 $1 {[%cal Rb4c5][%mdl 512]} Qf5 (34... Qxb4 35. Qxg5) 35. Rd3 (35. Qd4+ $16 e5 36. Qe3) 35... e5 36. Re3 (36. Qd5 $14) 36... h6 (36... Qb1+ $11 37. Kh2 Rf5) 37. Qxb6 (37. Qd2 $16) 37... Qb1+ $11 38. Kh2 Qf1 $40 {[%csl Gf1][%cal Rg5g2][%mdl 128] White needs to defend precisely.} 39. Rg3 Rxg3 40. Kxg3 Qxc4 {[%csl Ge5][%cal Rc4f4] KQ-KQ} 41. Kh2 (41. Qe3 $11) 41... Qxa2 $17 42. f3 Qc4 43. Qd6 Qb5 44. Kg1 g5 45. Kh2 a5 46. bxa5 Qxa5 47. Qe7 Qe1 48. Qd6 Qe3 49. Qe7 Qf4+ 50. Kh1 Qc1+ 51. Kh2 {[#]} Qe3 $1 52. Qd6 Qf4+ 53. Kh1 h5 54. Qc7 Qe3 55. Qe7 Qc1+ 56. Kh2 Qf4+ 57. Kh1 Qf6 58. Qb4 Qf5 59. Kg1 Kg6 60. Qd6+ Qf6 61. Qf8 Kf5 62. Qc8+ Qe6 63. Qc2+ e4 (63... Kf6 $17 64. g4 h4) 64. Qc5+ $11 Kg6 65. Qc2 $1 f5 {Threatening ...h4.} 66. fxe4 Qxe4 67. Qc7 Qd4+ 68. Kh1 $1 g4 ({Black should play} 68... h4 $15 69. Qc6+ Kg7 70. Qc7+ Kg6) 69. hxg4 {The position is equal.} hxg4 70. Qb8 Qa1+ 71. Kh2 Qg7 72. Qe8+ Kg5 73. Qd8+ Kh5 {( -> ...g3+)} 74. Qe8+ Qg6 (74... Kh4 {seems wilder.} 75. g3+ Kg5 76. Qe3+ Kg6 77. Qe6+ Kg5) 75. Qh8+ Qh6 76. Qe8+ Kg5+ 77. Kg1 Qd6 {Strongly threatening ...g3.} 78. Qg8+ Kf4 79. Qc4+ Ke3 80. Qc3+ Ke4 (80... Kf4 {is more complex.} 81. g3+ Ke4 82. Qe1+ Kd5 83. Qd1+ Ke5) 81. Qe1+ Kf4 82. Qc1+ Ke5 {And now ...f4 would win.} 83. Qe3+ Kd5 {Hoping for ...Qc5.} 84. Qd3+ Ke6 85. Qe3+ Qe5 86. Qb3+ Kf6 {aiming for ...g3.} 87. g3 $1 Qe1+ 88. Kg2 Qd2+ 89. Kg1 Ke5 90. Qb5+ Qd5 91. Qb8+ Kd4 92. Qf4+ Qe4 {...Qxf4 is the strong threat.} 93. Qd2+ Ke5 {White must now prevent ...Qd4+.} 94. Qa5+ Qd5 95. Qc7+ Qd6 96. Qa5+ Kf6 (96... Ke4 {feels hotter.} 97. Qe1+ Kd5 98. Qd1+ Ke5 99. Qe1+ Kd4) 97. Qc3+ Kg6 (97... Kg5 {looks sharper.} 98. Qg7+ Kh5 99. Qh7+ Kg5 100. Qg7+) 98. Qb3 Qd4+ 99. Kg2 Qe4+ 100. Kg1 Kh6 101. Qb6+ Kh5 102. Qb3 Qe1+ 103. Kg2 Qe2+ 104. Kg1 Qe7 (104... Kh6 {with more complications.} 105. Qc3 Qe6 106. Kf2 Qa2+ 107. Kg1 Qe6) 105. Qc3 Qa7+ 106. Kg2 Qb7+ 107. Kg1 Qh7 108. Qf6 Qa7+ 109. Kf1 {Precision: White = 69%, Black = 55%.} 1/2-1/2

[Event "11th Mumbai Mayors Cup 2018"]
[Site "Mumbai"]
[Date "2018.06.04"]
[Round "2"]
[White "Mitrabha, Guha"]
[Black "Kravtsiv, Martyn"]
[Result "0-1"]
[WhiteElo "2330"]
[BlackElo "2662"]
[Annotator "TA"]
[PlyCount "106"]
[EventDate "2018.??.??"]
[EventType "swiss"]
[EventCountry "IND"]
[SourceTitle "playchess.com"]
[Source "ChessBase"]
[SourceQuality "1"]

{[%evp 29,106,0,0,0,0,0,0,0,0,0,0,-6,0,-15,-19,-25,-24,-18,-25,-47,-47,-47,-47,-73,-74,-114,-121,-121,-122,-157,-162,-203,-203,-203,-200,-225,-220,-226,-207,-223,-218,-231,-167,-169,-174,-202,-195,-200,-185,-228,-226,-239,-243,-268,-226,-316,-303,-309,-308,-295,-288,-369,-369,-363,-361,-379,-323,-375,-323,-323,-323,-471,-435,-533,-533,-476,-466,-987,-960]} 1. d4 Nf6 2. c4 e6 3. Nf3 d5 4. g3 Bb4+ 5. Bd2 Bd6 6. Bg2 O-O 7. Qc2 c6 8. Bg5 Nbd7 9. O-O h6 10. Bxf6 Nxf6 11. Nbd2 b6 {E01: Catalan: Early deviations} 12. e4 Be7 13. cxd5 (13. Rfd1 Bb7 14. Rac1 Rc8 15. Ne5 dxc4 16. Ndxc4 b5 17. Qb3 a6 18. Ne3 Nd7 19. N3g4 Nxe5 20. Nxe5 {0-1 (59) Moroni,L (2559)-Wojtaszek,R (2738) Batumi 2018}) 13... cxd5 14. e5 Nd7 15. Rfc1 Nb8 {LiveBook: 21 Games} 16. Bf1 Bd7 17. a3 a5 18. Qc7 Qxc7 19. Rxc7 Bd8 $146 20. Rc3 a4 21. b4 axb3 22. Rxb3 Ba4 $36 {[%mdl 2048] Black is pushing.} 23. Rb4 Ra7 24. Bb5 Bxb5 25. Rxb5 Nd7 26. a4 Be7 27. Nb3 Rfa8 28. a5 {[#]} Bd8 $1 29. Ne1 bxa5 30. Ra4 Rb8 31. Rxb8 Nxb8 32. Nd3 Nc6 33. Ndc5 Bb6 34. Kf1 Rc7 35. Nd3 Rb7 36. Ke2 Bd8 37. Nbc5 Rb5 38. Ke3 Bb6 39. f4 Bxc5 40. Nxc5 $19 {[%mdl 4096] Endgame KRN-KRN} Rb2 41. h3 h5 {[%cal Bh6h5,Bh5h4][%mdl 32]} 42. Nd3 Rg2 43. Kf3 Rc2 44. Ke3 g6 {[%cal Bg7g6,Bg6g5][%mdl 32]} 45. g4 h4 46. f5 g5 ({But not} 46... exf5 47. gxf5 gxf5 48. Ne1 $19) 47. fxe6 fxe6 48. Ra1 Rg2 49. Ne1 Rg3+ 50. Kf2 (50. Nf3 {was forced.} Rxh3 51. Ke2) 50... Nxd4 {Black is clearly winning.} 51. Rxa5 {If White can now play Ra4 this consolidates a bit.} Rxh3 52. Ra4 Rh2+ 53. Ke3 (53. Kf1 $142 Rd2 54. Ra8+ Kg7 55. Ra7+ Kg6 56. Ra8) 53... Re2+ {Precision: White = 34%, Black = 90%.} 0-1

[Event "11th Mumbai Mayors Cup 2018"]
[Site "Mumbai"]
[Date "2018.06.04"]
[Round "2"]
[White "Navin, Kanna T u"]
[Black "Amonatov, Farrukh"]
[Result "0-1"]
[WhiteElo "2325"]
[BlackElo "2605"]
[Annotator "TA"]
[PlyCount "110"]
[EventDate "2018.??.??"]
[EventType "swiss"]
[EventCountry "IND"]
[SourceTitle "playchess.com"]
[Source "ChessBase"]
[SourceQuality "1"]

{[%evp 15,110,18,19,-27,-18,-23,-18,-13,0,-77,-75,-71,-73,-79,-77,-80,-72,-89,-80,-89,-74,-91,-73,-95,-98,-114,-102,-119,-114,-111,-105,-108,-120,-113,-121,-148,-151,-224,-212,-200,-225,-205,-197,-237,-231,-226,-217,-218,-155,-162,-157,-268,-263,-248,-219,-248,-232,-321,-321,-411,-398,-531,-509,-494,-298,-362,-381,-377,-377,-371,-354,-499,-499,-542,-541,-519,-514,-593,-585,-579,-585,-539,-552,-620,-615,-621,-620,-622,-626,-594,-614,-622,-622,-616,-616,-597,-581]} 1. d4 Nf6 2. c4 g6 3. Nc3 Bg7 4. e4 d6 5. Nf3 O-O 6. Be2 Nbd7 7. h3 e5 8. dxe5 {E91: King's Indian: Classical: 6 Be2, unusual replies including 6...c5 and 6...Bg4} (8. d5 Nc5 9. Qc2 a5 10. g4 c6 11. Be3 cxd5 12. cxd5 b6 13. Nd2 Bd7 14. g5 Ne8 15. h4 f5 16. h5 Rc8 17. hxg6 hxg6 18. Qd1 {0-1 (74) Korley,K (2430)-Mamedov,R (2639) Arlington 2015}) 8... dxe5 {LiveBook: 9 Games} 9. g4 c6 10. Be3 {The position is equal.} Qe7 11. Qc2 a6 $146 ({Predecessor:} 11... Nc5 12. O-O-O a5 13. Nh4 Nfxe4 14. Nxg6 hxg6 15. Nxe4 Nxe4 16. Qxe4 f5 17. Qc2 a4 18. f4 a3 19. b3 exf4 20. Bxf4 fxg4 21. Bd6 Qe3+ 22. Kb1 Bf5 23. Bd3 Qd4 24. Kc1 Qxd6 {0-1 (24) Jurado Vazquez,J (1963)-Djuric,S (2437) Malaga 2009}) 12. a4 (12. O-O-O $11) 12... a5 $17 13. O-O-O Nc5 14. Rd2 Nfd7 15. Bg5 Bf6 16. Be3 Ne6 17. Rhd1 Ndc5 18. Kb1 b6 {[%cal Bb7b6,Bb6c5][%mdl 32]} 19. Rd6 Bb7 20. R1d2 {[#]} Nd4 $1 {[%mdl 512]} 21. Nxd4 (21. Bxd4 exd4) 21... Qxd6 22. Nb3 Qe7 23. Nxc5 bxc5 24. Qb3 Bg5 25. Bxg5 Qxg5 26. Rd7 (26. Rc2 $17 {was called for.} Rfb8 27. Qb6) 26... Bc8 $19 27. Rd6 Qh4 28. Nd1 {[#]} Qe7 $1 {[%cal Re7d6]} 29. Rxc6 Bb7 30. Rb6 Bxe4+ 31. Ka2 {Black should prevent f3.} Qc7 {White must now prevent ...Bc2!} 32. Nc3 Rab8 33. Rxb8 (33. Rb5 $17 {was the only defense.} Bc6 34. Nd5 Bxd5 35. cxd5) 33... Rxb8 34. Nb5 Qe7 35. Qc3 Bc6 36. Qxa5 Ra8 37. Qb6 Rxa4+ 38. Kb3 Rb4+ 39. Kc2 Bd7 40. Qd6 Qxd6 41. Nxd6 {[%mdl 4096] Endgame KRB-KBN} Ba4+ 42. Kc1 Bc6 43. g5 (43. Nb5 {keeps fighting.}) 43... Kf8 {Black is clearly winning.} 44. Bg4 Ke7 45. Nc8+ Kd8 46. Nd6 Kc7 47. Nxf7 Rxc4+ 48. Kd2 Rd4+ 49. Kc3 e4 50. Ne5 Bd5 51. Be2 Kd6 52. Ng4 Rb4 53. Ne3 Be6 54. h4 Rb3+ 55. Kc2 Rb8 {Precision: White = 47%, Black = 83%.} 0-1

[Event "11th Mumbai Mayors Cup 2018"]
[Site "Mumbai"]
[Date "2018.06.04"]
[Round "2"]
[White "Rathanvel, V S"]
[Black "Ghosh, Diptayan"]
[Result "0-1"]
[WhiteElo "2301"]
[BlackElo "2536"]
[Annotator "TA"]
[PlyCount "84"]
[EventDate "2018.??.??"]
[EventType "swiss"]
[EventCountry "IND"]
[SourceTitle "playchess.com"]
[Source "ChessBase"]
[SourceQuality "1"]

{[%evp 23,84,-6,0,-49,-40,-60,-56,-101,-114,-105,-96,-154,-83,-73,-72,-188,-187,-318,-301,-348,-354,-355,-335,-353,-370,-351,-361,-390,-390,-395,-402,-406,-407,-369,-405,-386,-398,-523,-475,-747,-747,-730,-726,-851,-837,-790,-788,-1681,-1612,-1595,-1540,-1713,-1561,-1451,-1336,-3442,-2397,-2684,-1304,-3123,-2709,-29979,-29980]} 1. e4 e5 2. Nf3 Nc6 3. Bb5 Nf6 4. O-O Nxe4 5. Re1 Nd6 6. Nxe5 Be7 7. Bd3 Nxe5 8. Rxe5 O-O 9. Nc3 c6 10. Qf3 Ne8 11. b3 d5 12. Bb2 Bd6 {LiveBook: 10 Partien. C67: Spanische Partie (Berliner Verteidigung)} (12... Bf6 13. Re2 Nc7 14. Ba3 Re8 15. Rae1 Be6 16. Nd1 d4 17. Nb2 Qd5 18. Be4 Qa5 19. Nc4 Bxc4 20. bxc4 {1-0 (46) Andreikin,D (2715)-Jakovenko,D (2722) Moscow 2012}) 13. Re2 Qh4 14. h3 Nc7 $1 {Schwarz steht etwas besser.} 15. Bf5 Ne6 16. Bxe6 fxe6 $40 {[%mdl 128] Schwarz riecht Blut.} 17. Qg4 $146 ({Günstiger ist} 17. Qd3) ({Vorgänger:} 17. Qd3 e5 18. Ne4 Bf5 19. Qg3 Qxg3 20. Nxg3 Bxc2 21. Bxe5 Bxe5 22. Rxe5 {½-½ (28) Cooper,L (2352)-Ferguson,M (2374) Birmingham 2001}) 17... Qxg4 (17... Qe7 $142 18. Nd1 e5) 18. hxg4 $17 e5 19. f3 {[#]} (19. Nd1 $17) 19... e4 $1 $19 {[%mdl 512]} 20. fxe4 (20. Nxe4 {war nötig.} dxe4 21. Rxe4) 20... Bxg4 21. Ree1 {[#]} Bc5+ $1 22. Kh2 Bf2 23. Rf1 Rf6 {[%cal Rf6h6]} 24. Rxf2 Rxf2 25. Kg3 Rxd2 26. Kxg4 Rxg2+ 27. Kf3 Rxc2 28. Nd1 Rf8+ 29. Ke3 Rf1 30. Be5 dxe4 31. a4 (31. Kxe4 $142 Re2+ 32. Ne3 Rxa1 33. Bxa1) 31... Re1+ 32. Kf4 Rce2 33. Bc3 Rf1+ 34. Ke5 h5 {[%cal Bh7h5,Bh5h4,Bh4h3][%mdl 32] Weiss muss nun ...h4 beachten.} 35. Ke6 h4 36. Be5 Ree1 37. Ra2 Rxd1 38. Rg2 Rg1 39. Re2 h3 40. Re3 Rg6+ 41. Ke7 Rd5 42. Rxe4 {[#]} Rxe5+ $1 {Precision: Weiß = 32%, Schwarz = 88%.} 0-1

[Event "11th Mumbai Mayors Cup 2018"]
[Site "Mumbai"]
[Date "2018.06.04"]
[Round "2"]
[White "Navalgund, Niranjan"]
[Black "Burmakin, Vladimir"]
[Result "1/2-1/2"]
[WhiteElo "2282"]
[BlackElo "2528"]
[Annotator "TA"]
[PlyCount "65"]
[EventDate "2018.??.??"]
[EventType "swiss"]
[EventCountry "IND"]
[SourceTitle "playchess.com"]
[Source "ChessBase"]
[SourceQuality "1"]

{[%evp 9,65,29,50,52,47,42,80,54,69,62,82,75,55,43,52,24,18,-5,19,24,59,8,21,17,46,37,48,39,25,15,41,34,48,42,31,35,36,26,21,27,33,63,50,0,0,0,0,0,0,0,0,0,0,0,0,0,0,0]} 1. c4 c6 2. Nf3 Nf6 3. g3 d5 4. Bg2 Nbd7 {[%cal Bb8d7,Bd7b6,Bb6c4][%mdl 32]} 5. d4 (5. cxd5 cxd5 6. d4 e6 7. Bf4 Qb6 8. Qc2 Bd6 9. O-O O-O 10. Nc3 Bxf4 11. gxf4 Nb8 12. Rac1 Bd7 13. e3 Bc6 {½-½ (24) Bruzon Batista,L (2677)-Andreikin,D (2718) Havana 2015}) 5... Nb6 6. cxd5 {A11: English Opening: 1...c6} cxd5 7. Nc3 Bf5 8. O-O {White is better.} e6 9. a4 $146 ({Predecessor:} 9. Bf4 Be7 10. Nd2 O-O 11. e4 dxe4 12. Ndxe4 Nxe4 13. Nxe4 Nd5 {0-1 (22) Mueller,T (2072)-Reddmann,H (2321) Hamburg 2012}) 9... Be7 10. a5 Nc4 11. a6 bxa6 12. Rxa6 O-O 13. Qa4 Qb8 14. Nh4 Nb6 15. Qa2 ({Worse is} 15. Nxf5 Nxa4 16. Nxe7+ Kh8 $17) ({White should play} 15. Qb3 $14) 15... Be4 16. Bf4 Qb7 17. Nf3 Rfc8 18. Ra1 {[%cal Ra6a7]} Nc4 19. Bc1 {[%cal Ra6a7]} Bxf3 20. Bxf3 {[%cal Ra6a7]} Bd8 21. Ra4 {[#] Threatens to win with Rxc4!} ({Much weaker is} 21. Rxa7 Rxa7 22. Qxa7 Qxa7 $11) 21... Qd7 22. e4 {aiming for exd5.} Nb6 23. Ra6 dxe4 24. Nxe4 Nxe4 25. Bxe4 Nd5 26. Qa4 (26. Bxd5 $5 Qxd5 27. Qxd5 exd5 28. Rd6 $14) 26... Qxa4 {The position is equal.} 27. R6xa4 Bb6 28. Bd2 Rab8 29. Bxd5 exd5 30. Ba5 Bxa5 31. Rxa5 Rxb2 32. Rxd5 g6 33. Rda5 {Precision: White = 54%, Black = 62%.} ({But not} 33. Rxa7 Rc1+ 34. Kg2 Rcc2 $15) 1/2-1/2

[Event "11th Mumbai Mayors Cup 2018"]
[Site "Mumbai"]
[Date "2018.06.04"]
[Round "2"]
[White "Gajwa Ankit"]
[Black "Tran, Tuan Minh"]
[Result "0-1"]
[WhiteElo "2238"]
[BlackElo "2514"]
[Annotator "TA"]
[PlyCount "100"]
[EventDate "2018.??.??"]
[EventType "swiss"]
[EventCountry "IND"]
[SourceTitle "playchess.com"]
[Source "ChessBase"]
[SourceQuality "1"]

{[%evp 18,100,58,47,45,43,43,43,47,41,43,47,42,47,45,0,18,10,8,14,22,20,19,19,19,19,22,17,22,0,22,7,10,8,21,0,10,0,5,0,19,0,20,0,12,0,35,0,0,0,44,0,0,0,0,-10,0,-56,-59,-71,-4,-10,0,-27,-8,-18,-8,-8,-6,-12,-11,-22,-8,-20,-7,-46,-44,-120,73,-48,-22,-30,-41,-37,101]} 1. e4 c5 2. Nf3 d6 3. Bb5+ Nd7 4. d4 cxd4 5. Qxd4 a6 6. Bxd7+ Bxd7 7. Nc3 Nf6 8. Bg5 e6 9. O-O-O {B51: Sicilian: Moscow Variation (3 Bb5+) without 3...Bd7} h6 10. Bh4 {LiveBook: 3 Games} Be7 11. e5 {White is slightly better.} dxe5 $1 12. Nxe5 Bc6 13. Nxc6 bxc6 14. Bxf6 $146 ({Predecessor:} 14. Qa4) 14... Bxf6 15. Qc5 Qc7 16. Rhe1 Rb8 17. b3 Be7 $132 {[%mdl 2048] Black has counterplay} 18. Qe5 Ba3+ 19. Kb1 Qxe5 20. Rxe5 Ke7 21. Re4 a5 22. Rc4 Rhd8 23. Rd3 Rbc8 24. Nd1 f5 25. Ra4 Bb4 (25... Bd6 {with more complications.} 26. h3 Bc7 27. Kc1 g5 28. Kd2 h5) 26. a3 Bd6 27. h3 Bc7 28. f3 e5 29. Ne3 Ke6 30. Kc1 h5 31. Kd2 (31. Nc4 {is more complex.} Rd5 32. Re3 Rb8 33. Re1 g6 34. Nb2) 31... g5 32. Rxd8 Rxd8+ $14 {[%mdl 4096] Endgame KRB-KRN} 33. Ke2 Rd6 34. Nc4 Rd4 35. c3 Rh4 36. Kf2 e4 37. fxe4 (37. Nd2 $11) 37... Rxe4 $15 38. Nb2 $1 Re5 (38... Kd5 $17) 39. Rc4 $11 Kd5 40. Na4 Bd6 41. Nb6+ Ke6 {aiming for ...Rb5.} 42. b4 axb4 43. cxb4 c5 44. b5 Bc7 45. Na4 Kd6 46. Nb2 Kd5 47. Ra4 ({Better is} 47. Rc2 $15) 47... h4 $2 {[#]} (47... Re4 $17 48. Rxe4 fxe4) 48. Ra7 (48. Nc4 $1 $16 {[%cal Rc4e5]} Re8 49. Ne3+ Ke5 50. Kf3) 48... Bd6 49. Rd7 Re4 50. Rd8 Ke5 {[%mdl 32768] Precision: White = 34%, Black = 48%. . Sensor Board Error (Ke4/e5)?} (50... Rd4 $15 51. Ke2 c4) 0-1

[Event "11th Mumbai Mayors Cup 2018"]
[Site "Mumbai"]
[Date "2018.06.04"]
[Round "2"]
[White "Phadke Sohan"]
[Black "Rahman, Ziaur"]
[Result "1-0"]
[WhiteElo "2222"]
[BlackElo "2498"]
[Annotator "TA"]
[PlyCount "113"]
[EventDate "2018.??.??"]
[EventType "swiss"]
[EventCountry "IND"]
[SourceTitle "playchess.com"]
[Source "ChessBase"]
[SourceQuality "1"]

{[%evp 24,113,58,22,49,27,16,0,0,0,0,-89,52,60,48,41,72,54,59,74,52,121,170,-79,122,68,308,290,205,45,37,33,41,47,143,122,128,39,30,29,57,0,0,0,42,35,42,35,35,40,49,39,115,98,103,97,225,226,232,203,243,229,451,410,401,357,302,308,341,340,606,382,944,899,862,818,780,679,29953,29955,29954,29956,29955,29956,29958,29959,29959,29956,29960,29957,29955,29944]} 1. e4 c5 2. Nf3 e6 3. d4 cxd4 4. Nxd4 Nc6 5. Nc3 Qc7 6. g3 a6 7. Bg2 d6 8. O-O Be7 9. a4 Nf6 10. Nb3 b6 11. f4 O-O 12. g4 Nd7 {B80: Sizilianisch (Scheveninger System)} 13. Be3 {LiveBook: 3 Partien} Rb8 14. Qe2 {[#]} Na5 $146 {Weiß hat minimalen Vorteil.} ({Vorgänger:} 14... Re8 15. g5 Bf8 16. Rf3 g6 17. Rd1 Bb7 18. Qf2 Nb4 19. f5 Ne5 20. Rh3 {0-1 (37) Pintor,A (2006)-Spraggett,K (2561) Lisbon 2014}) 15. Rad1 Nc4 16. Bc1 $1 b5 17. Rd3 (17. Nd4 $11) 17... Nc5 (17... bxa4 $17 18. Nxa4 Rb4) 18. Nxc5 $14 Qxc5+ 19. Kh1 $1 b4 20. Nd1 $1 Bb7 21. b3 Nb6 22. Rh3 Rfc8 23. Be3 $2 ({Der einzige Zug:} 23. Ne3 $18) 23... Qc7 $2 (23... Qxc2 $17 {und es läuft.} 24. Qxc2 Rxc2 25. Bxb6 Rxg2 26. Kxg2 Bxe4+ 27. Kg1 Rxb6) 24. g5 (24. f5 $16) 24... Nd7 $2 ({Günstiger ist} 24... Qxc2 $14 25. Bd2 Bf8) 25. Qh5 $18 Nf8 26. Rf2 $2 (26. Bd4 $18) 26... f5 27. exf5 exf5 28. Bd4 Re8 (28... g6 $14 29. Qe2 (29. Qh6 Bxg2+ 30. Rxg2 Bd8 $11) 29... Bd8) 29. Ne3 $1 $16 {[%cal Re3d5]} g6 30. Nxf5 (30. Nd5 $1 $16 {[%cal Rd5c7]} Bd8 31. Qd1) 30... Bxg5 $1 $14 ({Jedoch nicht} 30... Bxg2+ $2 31. Rxg2 Kf7 32. Re3 $3 $18 {[%mdl 512]}) 31. Qd1 $40 {[%mdl 128] zielt auf Tg3 ab. Weiss startet einen Angriff.} gxf5 32. fxg5 ({Lieber} 32. Rg3 $1 $14 Ne6 33. Bf6) 32... Bxg2+ 33. Kxg2 Qb7+ 34. Kg1 Qd5 35. Rd3 Re4 $1 {[%cal Re4g4] Und ...Tg4+ würde nun gewinnen.} 36. Ba7 Qe6 {Droht stark ...Te1+.} 37. Rxd6 Re1+ ({Besser ist} 37... Rd8 $1 $14 38. Rxd8 Re1+ 39. Rf1 Rxd1 40. Rfxd1 (40. Rdxd1 Qe2 $11) 40... Qe2) 38. Rf1 $16 Rxd1 39. Rxe6 Rxf1+ (39... Nxe6 $16 40. Bxb8 (40. Rxd1 Rc8 $16) 40... Rxf1+ 41. Kxf1 Nd4) 40. Kxf1 $18 Nxe6 41. Bxb8 $16 {[%mdl 4096] Endspiel KL-KS} Nd4 42. Be5 Nxc2 $2 (42... Nc6) 43. Ke2 $18 Kf7 44. Kd2 Ke6 {[#]} 45. Bg7 $1 Na3 46. h4 Kf7 $2 (46... f4 47. h5 Nb1+ 48. Kd3 f3) 47. Be5 Kg6 $2 (47... Ke6 48. Bd4 Nb1+ 49. Kc2 Na3+ 50. Kd3 f4) 48. Kc1 Kh5 49. Bd6 Kxh4 50. Bxb4 Nb5 51. axb5 {Weiß setzt Matt.} axb5 {KL-K3B} 52. Be7 Kg3 53. Kd2 f4 54. Ke1 Kg2 55. Bd6 Kf3 56. b4 Kg4 57. Kf2 {Precision: Weiß = 63%, Schwarz = 30%.} 1-0

[Event "11th Mumbai Mayors Cup 2018"]
[Site "Mumbai"]
[Date "2018.06.04"]
[Round "2"]
[White "Nguyen, Phuoc Tam"]
[Black "Karthik Venkataraman"]
[Result "0-1"]
[WhiteElo "2214"]
[BlackElo "2475"]
[Annotator "TA"]
[PlyCount "68"]
[EventDate "2018.??.??"]
[EventType "swiss"]
[EventCountry "IND"]
[SourceTitle "playchess.com"]
[Source "ChessBase"]
[SourceQuality "1"]

{[%evp 23,68,2,2,0,1,0,2,-18,-18,-88,-86,-108,-113,-208,-215,-224,-179,-190,-166,-243,-241,-239,-239,-254,-237,-550,-562,-637,-641,-627,-633,-629,-623,-887,-868,-1227,-1225,-1297,-1269,-1364,-1335,-1781,-1773,-29982,-29983,-29983,-29983]} 1. Nf3 c5 2. g3 Nc6 3. Bg2 g6 4. O-O Bg7 5. c3 d5 6. d4 cxd4 7. cxd4 Nf6 8. Nc3 Ne4 9. e3 Nxc3 {D73: Fianchetto Grünfeld: 5 Nf3} 10. bxc3 O-O 11. Nd2 Na5 12. Ba3 Re8 {LiveBook: 3 Games} 13. Qe2 $146 ({Predecessor:} 13. Bb4 Nc6 14. Ba3 {½-½ (16) Wojtkiewicz,A (2560)-Azmaiparashvili,Z (2625) Tilburg 1994}) 13... Be6 14. Rfd1 Rc8 15. Rac1 Qd7 16. e4 (16. Bb4 $11 {remains equal.} Nc4 17. Nxc4 Rxc4 18. a4) 16... dxe4 $17 17. Nxe4 b6 18. Rc2 (18. d5 $17 {was worth a try.} Bf5 19. Nd2) 18... Bc4 $19 19. Qe3 Bd5 20. Bc1 Qc6 {Hoping for ...f5.} 21. f4 (21. Qf3 $142) 21... Qa4 $1 {[%cal Ra4c2]} 22. Qe2 Bc4 $1 {[%cal Rc4e2]} 23. Qf2 {[#]} Bxa2 $1 {[%mdl 512]} 24. f5 $2 (24. Re1 {is a better chance.} Bxd4 25. Be3 Bxe3 26. Rxe3) (24. Rxa2 Qxd1+) 24... Bb3 25. fxg6 fxg6 26. Ng5 Rf8 ({Inferior is} 26... Bxc2 27. Bd5+ e6 28. Bxe6+ Rxe6 29. Qf7+ Kh8 30. Nxe6 $11) 27. Qe2 Bxc2 28. Bd5+ Kh8 29. Qe6 h6 ({Weaker is} 29... Bxd1 30. Qg8+ $1 {[%mdl 512]} Rxg8 31. Nf7#) 30. Nf7+ {[#]} Rxf7 $1 31. Qxc8+ (31. Qxf7 Bxd1) 31... Rf8 32. Qe6 Bxd1 33. Bxh6 Bxh6 34. Qxg6 Be3+ {Precision: White = 17%, Black = 95%.} 0-1